La cama que no volia caminar /
Descripción Física:
26 p. ; il. col. ; 21 cm
Otros Autores:
Mont Alsina, Jordi
Idioma:
Catalán
MARC
| LEADER | 00000nam a22000007a 4500 | ||
|---|---|---|---|
| 001 | 25161 | ||
| 008 | 220214b spa||||| |||| 00| 0 cat d | ||
| 017 | |a B 6042-2021 | ||
| 100 | |9 52505 |a Dalmau Sanleandro, Georgina | ||
| 245 | |a La cama que no volia caminar / |c Georgina Dalmau Sanleandro i Jordi Mont Alsina | ||
| 250 | |a Primera edició : |b abril 2021 | ||
| 260 | |a Argentona : |b Ajuntament de Sant Vicenç de Montalt : |b La Impremta d'Argentona ; |c 2021 | ||
| 300 | |a 26 p. ; |b il. col. ; |c 21 cm | ||
| 650 | 0 | |a Contes infantils |z Sant Vicenç de Montalt | |
| 651 | 0 | |9 50820 |a Sant Vicenç de Montalt | |
| 700 | |9 52506 |a Mont Alsina, Jordi |e Il·lustracions | ||
| 942 | |2 udc |n 1 |c ARXIU | ||
| 952 | |0 0 |1 0 |4 0 |6 BIB433 |7 1 |9 61002 |a Arxiu |b Arxiu |d 2022-02-14 |l 0 |o Bib-433 |p 25161 |r 2022-02-14 00:00:00 |w 2022-02-14 |y ARXIU | ||
| 999 | |c 81126 |d 81126 | ||